[Event "Tambov Korensky Memorial 28th"]
[Site "Tambov"]
[Date "2019.08.25"]
[Round "2"]
[White "Korshunov, Alexey"]
[Black "Sychev, Vitaly"]
[Result "1-0"]
[WhiteElo "1989"]
[BlackElo "1951"]
[PlyCount "83"]
[EventDate "2019.08.24"]
[EventType "swiss"]
[EventRounds "9"]
[EventCountry "RUS"]
[SourceTitle "EXT 2020"]
[Source "ChessBase"]
[SourceDate "2019.10.17"]
[SourceVersion "1"]
[SourceVersionDate "2019.10.17"]
[SourceQuality "1"]

1. e4 c6 2. d4 d5 3. exd5 cxd5 4. c4 Nf6 5. Nc3 e6 6. Nf3 Be7 7. cxd5 Nxd5 8. Bd3 Nc6 9. 0-0 0-0 10. a3 b6 11. Bc2 Nxc3 12. bxc3 Bb7 13. Qd3 g6 14. Re1 Bf6 15. Rb1 Rc8 16. h4 Re8 17. h5 e5 18. hxg6 hxg6 19. d5 Na5 20. d6 Re6 21. d7 Rc7 22. Ng5 Bxg5 23. Bxg5 Qxd7 24. Qg3 Qc6 25. Rbd1 Rd7 26. Rxd7 Qxd7 27. Qh4 f5 28. Bf6 Qh7 29. Qg5 Qf7 30. Bxe5 Qe7 31. Qxe7 Rxe7 32. f4 Nc6 33. Bb3+ Kf8 34. Bd6 Ke8 35. Bxe7 Nxe7 36. Kf2 Be4 37. Rd1 b5 38. a4 a6 39. Rd6 Bc6 40. axb5 axb5 41. g3 Be4 42. Ke3 1-0

[Event "Tambov Korensky Memorial 28th"]
[Site "Tambov"]
[Date "2019.08.24"]
[Round "1"]
[White "Sychev, Vitaly"]
[Black "Tikhonov, Viacheslav"]
[Result "0-1"]
[WhiteElo "1951"]
[BlackElo "2113"]
[PlyCount "100"]
[EventDate "2019.08.24"]
[EventType "swiss"]
[EventRounds "9"]
[EventCountry "RUS"]
[SourceTitle "EXT 2020"]
[Source "ChessBase"]
[SourceDate "2019.10.17"]
[SourceVersion "1"]
[SourceVersionDate "2019.10.17"]
[SourceQuality "1"]

1. e4 c5 2. Nf3 Nc6 3. Bb5 g6 4. 0-0 Bg7 5. Re1 Nf6 6. e5 Nd5 7. Bxc6 dxc6 8. b3 0-0 9. Bb2 Bf5 10. d3 Qc7 11. Nbd2 Rad8 12. Ne4 b6 13. a4 a5 14. Ng3 Bc8 15. Qe2 Bg4 16. h3 Bxf3 17. Qxf3 f5 18. exf6 exf6 19. Re2 f5 20. Bxg7 Qxg7 21. Rae1 Qc3 22. Nf1 f4 23. Nh2 h5 24. Qe4 Kg7 25. Qe5+ Qxe5 26. Rxe5 Rf5 27. Nf3 Rxe5 28. Rxe5 Kf6 29. h4 Rd6 30. Kf1 b5 31. axb5 cxb5 32. c4 Nb4 33. Rxc5 Rxd3 34. Rxb5 Rxb3 35. Rxa5 Rc3 36. Rb5 Rxc4 37. Nd2 Rc1+ 38. Ke2 Nc6 39. Ne4+ Kg7 40. Rb7+ Kh6 41. Ng5 Nd4+ 42. Kd2 Nb3+ 43. Ke2 Rc2+ 44. Kf3 Nd2+ 45. Kxf4 Rc4+ 46. Ke3 Rxh4 47. Nf7+ Kg7 48. Kxd2 Rh2 49. Ng5+ Kf6 50. Nf3 Rxg2 0-1

[Event "Tambov Korensky Memorial 27th"]
[Site "Tambov"]
[Date "2018.08.13"]
[Round "3"]
[White "Sychev, Vitaly"]
[Black "Kutyanina, Mariya"]
[Result "0-1"]
[WhiteElo "1971"]
[BlackElo "2006"]
[PlyCount "96"]
[EventDate "2018.08.11"]
[EventType "swiss"]
[EventRounds "9"]
[EventCountry "RUS"]
[SourceTitle "CBM 186 Extra"]
[Source "ChessBase"]
[SourceDate "2018.08.24"]
[SourceVersion "1"]
[SourceVersionDate "2018.08.24"]
[SourceQuality "1"]

1. e4 d6 2. d4 Nf6 3. Nc3 g6 4. Nf3 Bg7 5. Be2 0-0 6. 0-0 c6 7. a4 b6 8. Bg5 Nbd7 9. Qd2 Bb7 10. Bh6 e5 11. Bxg7 Kxg7 12. Rad1 Qc7 13. dxe5 dxe5 14. Bc4 Nc5 15. Qe3 Bc8 16. Rd2 Be6 17. Bxe6 Nxe6 18. Rfd1 Ng4 19. Qe2 Rad8 20. Rxd8 Rxd8 21. Rxd8 Qxd8 22. h3 Nf6 23. Nxe5 Qd6 24. Nd3 Nd4 25. Qd1 Qe6 26. f3 Qc4 27. Qd2 b5 28. b3 Qxc3 29. Qxc3 Ne2+ 30. Kf2 Nxc3 31. a5 Nd7 32. b4 Na4 33. Ke3 c5 34. f4 Kf6 35. Kd2 cxb4 36. Nxb4 Ke6 37. Kd3 Nac5+ 38. Kd4 a6 39. g4 f6 40. Nd5 Nb7 41. Nc7+ Kd6 42. Nxa6 Nxa5 43. h4 Nc6+ 44. Kc3 Nc5 45. Nxc5 Kxc5 46. g5 fxg5 47. hxg5 Nd4 48. Kd3 b4 0-1

[Event "Tambov Korensky Memorial 27th"]
[Site "Tambov"]
[Date "2018.08.11"]
[Round "1"]
[White "Sychev, Vitaly"]
[Black "Lukovnikov, Alexander"]
[Result "0-1"]
[WhiteElo "1971"]
[BlackElo "2162"]
[PlyCount "100"]
[EventDate "2018.08.11"]
[EventType "swiss"]
[EventRounds "9"]
[EventCountry "RUS"]
[SourceTitle "CBM 186 Extra"]
[Source "ChessBase"]
[SourceDate "2018.08.24"]
[SourceVersion "1"]
[SourceVersionDate "2018.08.24"]
[SourceQuality "1"]

1. e4 e5 2. Nf3 Nc6 3. Bb5 f5 4. d4 fxe4 5. Bxc6 dxc6 6. Nxe5 Nf6 7. 0-0 Bd6 8. Nc3 0-0 9. Bg5 Qe8 10. Qe2 Bxe5 11. dxe5 Qxe5 12. Bxf6 Qxf6 13. Qxe4 Bf5 14. Qb4 Bxc2 15. Qxb7 Bd3 16. Rfd1 Qxf2+ 17. Kh1 Rab8 18. Qxc6 Rxb2 19. h3 Ba6 20. Rg1 Bb7 21. Qe6+ Kh8 22. Qg4 Bf3 23. Nd1 Qxg1+ 24. Kxg1 Bxg4 25. Nxb2 Be6 26. a4 Rd8 27. Rc1 Rd2 28. Nc4 Ra2 29. Ne3 Rxa4 30. Rxc7 Kg8 31. Re7 Ra6 32. Kf2 Kf8 33. Rc7 Ra2+ 34. Kf3 a5 35. Ke4 a4 36. Ra7 h6 37. h4 Ra1 38. g3 Ra2 39. Kd3 a3 40. Nc4 Rg2 41. Rxa3 Rxg3+ 42. Ne3 Kf7 43. Ke2 Rg1 44. Kf2 Rh1 45. Ra4 Rb1 46. Kg3 Rb3 47. Kf2 Kf6 48. Rf4+ Ke5 49. Ra4 h5 50. Ra5+ Kd4 0-1

[Event "Tambov Pavlyutin Memorial 8th"]
[Site "Tambov"]
[Date "2018.05.25"]
[Round "5"]
[White "Sychev, Vitaly"]
[Black "Kutyanina, Mariya"]
[Result "1/2-1/2"]
[WhiteElo "2002"]
[BlackElo "2003"]
[PlyCount "39"]
[EventDate "2018.05.23"]
[EventType "tourn"]
[EventRounds "9"]
[EventCountry "RUS"]
[SourceTitle "CBM 184 Extra"]
[Source "ChessBase"]
[SourceDate "2018.06.28"]
[SourceVersion "1"]
[SourceVersionDate "2018.06.28"]
[SourceQuality "1"]

1. e4 e6 2. d4 d5 3. exd5 exd5 4. Bd3 Nf6 5. Bf4 Bd6 6. Ne2 0-0 7. 0-0 Re8 8. Bxd6 Qxd6 9. Qd2 Nbd7 10. Qf4 Qb6 11. b3 Nf8 12. Nbc3 Ng6 13. Qg5 c6 14. f3 h6 15. Qd2 Ne7 16. Qf4 Ng6 17. Qd2 Ne7 18. Qf4 Ng6 19. Qd2 Ne7 20. Qf4 1/2-1/2

[Event "Tambov Region-ch"]
[Site "Tambov"]
[Date "2018.02.21"]
[Round "6"]
[White "Dikov, Alexander I"]
[Black "Sychev, Vitaly"]
[Result "1/2-1/2"]
[WhiteElo "1895"]
[BlackElo "2012"]
[PlyCount "77"]
[EventDate "2018.02.21"]
[EventType "swiss"]
[EventRounds "9"]
[EventCountry "RUS"]
[SourceTitle "CBM 183 Extra"]
[Source "ChessBase"]
[SourceDate "2018.04.19"]
[SourceVersion "1"]
[SourceVersionDate "2018.04.19"]
[SourceQuality "1"]

1. d4 Nf6 2. Nf3 e6 3. e3 c5 4. Be2 d5 5. 0-0 Nc6 6. b3 cxd4 7. exd4 Be7 8. Bb2 0-0 9. Nbd2 b6 10. Rc1 Bb7 11. c4 dxc4 12. Nxc4 Nb4 13. a3 Nbd5 14. Nfe5 Rc8 15. b4 Nf4 16. Bf3 Bd5 17. Qd2 Bxf3 18. Nxf3 N6d5 19. Nce5 Qd6 20. b5 Bf6 21. Nc6 Rc7 22. Nfe5 Bxe5 23. dxe5 Qd7 24. Rfd1 Ng6 25. g3 Rfc8 26. Rc2 Nge7 27. Nxe7+ Qxe7 28. Rdc1 Rxc2 29. Rxc2 Rxc2 30. Qxc2 Qc7 31. Qxc7 Nxc7 32. a4 h5 33. Ba3 Nd5 34. Bd6 Nc3 35. Bb8 Nxa4 36. Bxa7 Kh7 37. f4 Kg6 38. Kf2 Kf5 39. Kf3 1/2-1/2

[Event "Tambov Korensky Memorial 26th"]
[Site "Tambov"]
[Date "2017.08.22"]
[Round "4"]
[White "Sychev, Vitaly"]
[Black "Vlasov, Valery"]
[Result "1/2-1/2"]
[WhiteElo "2030"]
[BlackElo "1964"]
[PlyCount "31"]
[EventDate "2017.08.19"]
[EventType "swiss"]
[EventRounds "9"]
[EventCountry "RUS"]
[SourceTitle "CBM 180 Extra"]
[Source "ChessBase"]
[SourceDate "2017.10.06"]
[SourceVersion "1"]
[SourceVersionDate "2017.10.06"]
[SourceQuality "1"]

1. d4 d5 2. Nf3 Nf6 3. c4 c6 4. e3 Bf5 5. Nc3 e6 6. Be2 dxc4 7. Bxc4 Nbd7 8. 0-0 Be7 9. Qe2 0-0 10. e4 Bg4 11. Rd1 Qe8 12. h3 Bxf3 13. Qxf3 e5 14. d5 cxd5 15. Nxd5 Nxd5 16. Bxd5 1/2-1/2

[Event "Tambov Korensky Memorial 26th"]
[Site "Tambov"]
[Date "2017.08.21"]
[Round "3"]
[White "Astafurov, Arseniy"]
[Black "Sychev, Vitaly"]
[Result "1/2-1/2"]
[WhiteElo "2266"]
[BlackElo "2030"]
[PlyCount "93"]
[EventDate "2017.08.19"]
[EventType "swiss"]
[EventRounds "9"]
[EventCountry "RUS"]
[SourceTitle "CBM 180 Extra"]
[Source "ChessBase"]
[SourceDate "2017.10.06"]
[SourceVersion "1"]
[SourceVersionDate "2017.10.06"]
[SourceQuality "1"]

1. Nf3 d5 2. g3 Nf6 3. Bg2 Bf5 4. c4 c6 5. Qb3 Qb6 6. d3 e6 7. Be3 Qb4+ 8. Bd2 Qxb3 9. axb3 Na6 10. Nd4 Nb4 11. Ra4 a5 12. cxd5 cxd5 13. Nxf5 exf5 14. Nc3 Be7 15. 0-0 b6 16. Be3 Rb8 17. Bf4 Rb7 18. Nb5 Kd7 19. Rc1 Rd8 20. Raa1 Ne8 21. Bd2 Nc7 22. Nc3 Bf6 23. Na4 Nc6 24. e3 Ne5 25. d4 Nd3 26. Rc2 Be7 27. Bf1 Nb4 28. Rcc1 g6 29. Nc3 Rc8 30. Na2 Nxa2 31. Rxa2 Rbb8 32. Raa1 h5 33. Bg2 Bd6 34. Ra4 Ke6 35. Raa1 Na6 36. Bf1 Nb4 37. Bc3 Kd7 38. Rd1 Rc7 39. Rd2 Ke6 40. Re1 Na2 41. Rc2 Bb4 42. Ra1 Nxc3 43. Rac1 Rbc8 44. bxc3 Rxc3 45. Rxc3 Rxc3 46. Rxc3 Bxc3 47. Bb5 1/2-1/2

[Event "Tambov Korensky Memorial 25th"]
[Site "Tambov"]
[Date "2016.08.28"]
[Round "9"]
[White "Lomakina, Galja"]
[Black "Sychev, Vitaly"]
[Result "0-1"]
[WhiteElo "2070"]
[BlackElo "2025"]
[PlyCount "177"]
[EventDate "2016.08.20"]
[EventType "swiss"]
[EventRounds "9"]
[EventCountry "RUS"]
[SourceTitle "CBM 174 Extra"]
[Source "ChessBase"]
[SourceDate "2016.10.10"]
[SourceVersion "1"]
[SourceVersionDate "2016.10.10"]
[SourceQuality "1"]

1. c4 e5 2. Nc3 Nf6 3. g3 Bb4 4. Nd5 Nxd5 5. cxd5 0-0 6. Bg2 c6 7. e3 cxd5 8. Bxd5 Nc6 9. a3 Bd6 10. b4 Ne7 11. Bb3 Bc7 12. Bb2 d5 13. Rc1 Be6 14. Nf3 f6 15. 0-0 Qd7 16. e4 Rac8 17. exd5 Bxd5 18. Re1 Kh8 19. Bxd5 Qxd5 20. d4 Qa2 21. Rc2 Rfd8 22. Qc1 Bb8 23. dxe5 Qb3 24. Rc3 Rxc3 25. Qxc3 Qxc3 26. Bxc3 fxe5 27. Bxe5 Bxe5 28. Rxe5 Nc6 29. Re4 h6 30. b5 Na5 31. a4 Rd7 32. h4 g6 33. Re6 Kh7 34. Kg2 Nc4 35. Re4 Rc7 36. Ne5 Nxe5 37. Rxe5 b6 38. Kf3 Kg7 39. h5 gxh5 40. Rxh5 Rc3+ 41. Ke2 Ra3 42. Rh4 Kg6 43. Rc4 Kg5 44. Kf1 Kf5 45. Kg2 Ra2 46. g4+ Kg5 47. Kg3 Ra3+ 48. f3 h5 49. gxh5 Kxh5 50. Kf4 Kg6 51. Ke4 Kf6 52. f4 Ke6 53. f5+ Kd6 54. Rd4+ Ke7 55. Ke5 Re3+ 56. Re4 Rf3 57. Rf4 Rc3 58. f6+ Kf7 59. Rd4 Rc5+ 60. Rd5 Rc7 61. Rd6 Rc5+ 62. Kd4 Ke8 63. Re6+ Kf7 64. Re7+ Kxf6 65. Rxa7 Rh5 66. Ra6 Ke7 67. Kc4 Rh4+ 68. Kd5 Kd7 69. Ra7+ Kc8 70. Re7 Rxa4 71. Kc6 Rc4+ 72. Kxb6 Rb4 73. Re8+ Kd7 74. Rh8 Ra4 75. Kb7 Ra1 76. b6 Ra2 77. Ra8 Rb2 78. Ra6 Rb1 79. Kb8 Rb2 80. b7 Rb1 81. Rh6 Rb2 82. Ka7 Kc7 83. Rh7+ Kc6 84. Ka8 Ra2+ 85. Kb8 Rg2 86. Rc7+ Kb6 87. Ka8 Ra2+ 88. Kb8 Rh2 89. Rg7 0-1

[Event "Tambov Korensky Memorial 25th"]
[Site "Tambov"]
[Date "2016.08.21"]
[Round "2"]
[White "Chernyshov, Alexander"]
[Black "Sychev, Vitaly"]
[Result "1/2-1/2"]
[WhiteElo "2090"]
[BlackElo "2025"]
[PlyCount "130"]
[EventDate "2016.08.20"]
[EventType "swiss"]
[EventRounds "9"]
[EventCountry "RUS"]
[SourceTitle "CBM 174 Extra"]
[Source "ChessBase"]
[SourceDate "2016.10.10"]
[SourceVersion "1"]
[SourceVersionDate "2016.10.10"]
[SourceQuality "1"]

1. c4 e5 2. g3 Nf6 3. Bg2 d5 4. cxd5 Nxd5 5. Nc3 Be6 6. Nf3 Nc6 7. d3 Be7 8. 0-0 Qd7 9. Ng5 Bxg5 10. Bxg5 f6 11. Bd2 Nxc3 12. bxc3 Bd5 13. f3 0-0 14. Qa4 a6 15. Rab1 b5 16. Qc2 Ne7 17. Be3 Rac8 18. Bc5 Rfe8 19. e4 Be6 20. d4 Ng6 21. f4 exf4 22. gxf4 Bc4 23. Rf2 Nh4 24. e5 Qg4 25. Qd1 Qg6 26. Rbb2 Bd5 27. Kh1 Nxg2 28. Rxg2 fxe5 29. fxe5 Re6 30. Kg1 Bxg2 31. Rxg2 Qe4 32. Qe2 Qxe2 33. Rxe2 Rce8 34. Kf2 c6 35. Bb4 Rh6 36. Ke3 Ree6 37. Rf2 Re8 38. Kd3 Rh4 39. a3 h5 40. Bd6 Rg4 41. c4 h4 42. cxb5 axb5 43. Rc2 Rc8 44. e6 Re8 45. e7 Rg6 46. Bb4 Re6 47. Bc5 g6 48. Rg2 Kg7 49. Rg4 R8xe7 50. Bxe7 Rxe7 51. Rxh4 Ra7 52. Ke4 Rxa3 53. Rf4 Ra4 54. Ke5 Rc4 55. Rf2 b4 56. Rd2 Kf7 57. Rf2+ Ke7 58. Rg2 b3 59. Rxg6 b2 60. Rg7+ Kd8 61. Rb7 Rc2 62. h4 Kc8 63. Rb3 Rh2 64. Kd6 Rxh4 65. Kxc6 Rxd4 1/2-1/2

[Event "Tambov Korensky Memorial 25th"]
[Site "Tambov"]
[Date "2016.08.20"]
[Round "1"]
[White "Sychev, Vitaly"]
[Black "Pishchalnikov, Roman A"]
[Result "1/2-1/2"]
[WhiteElo "2025"]
[BlackElo "1603"]
[PlyCount "34"]
[EventDate "2016.08.20"]
[EventType "swiss"]
[EventRounds "9"]
[EventCountry "RUS"]
[SourceTitle "CBM 174 Extra"]
[Source "ChessBase"]
[SourceDate "2016.10.10"]
[SourceVersion "1"]
[SourceVersionDate "2016.10.10"]
[SourceQuality "1"]

1. e4 c5 2. Nf3 Nc6 3. Bb5 d6 4. Bxc6+ bxc6 5. 0-0 e5 6. c3 Ba6 7. d3 Nf6 8. Re1 Be7 9. d4 cxd4 10. cxd4 Nd7 11. dxe5 Nxe5 12. Nc3 0-0 13. Nxe5 dxe5 14. Qxd8 Rfxd8 15. Be3 Rab8 16. Na4 Rb4 17. b3 Rxe4 1/2-1/2

[Event "Tambov Region-ch"]
[Site "Tambov"]
[Date "2015.02.15"]
[Round "9"]
[White "Sychev, Vitaly"]
[Black "Gorelov, Viktor N"]
[Result "1/2-1/2"]
[WhiteElo "2026"]
[BlackElo "1747"]
[PlyCount "90"]
[EventDate "2015.02.11"]
[EventType "swiss"]
[EventRounds "9"]
[EventCountry "RUS"]
[SourceTitle "CBM 164 Extra"]
[Source "ChessBase"]
[SourceDate "2015.03.02"]
[SourceVersion "1"]
[SourceVersionDate "2015.03.02"]
[SourceQuality "1"]

1. e4 c6 2. d4 d5 3. exd5 cxd5 4. Bd3 e6 5. Nf3 Nf6 6. Qe2 Be7 7. 0-0 0-0 8. Re1 Re8 9. c3 h6 10. Ne5 Nc6 11. Bf4 Bd7 12. Nd2 Rc8 13. h3 Nxe5 14. Bxe5 Nh7 15. Nf3 f5 16. Rac1 Ng5 17. Nd2 Bf6 18. Bf4 Nf7 19. Nf3 Ng5 20. Ne5 Bxe5 21. Bxe5 Nf7 22. Qf3 Nxe5 23. Rxe5 a6 24. Rce1 Qf6 25. Qd1 b5 26. Qb3 Qf8 27. a3 Rb8 28. Qb4 Qxb4 29. axb4 Kf7 30. Ra1 Rb6 31. g4 g6 32. Kg2 Kf6 33. Kg3 Rd6 34. f4 Rg8 35. Kf3 Bc8 36. Rg1 Rg7 37. gxf5 gxf5 38. Rxg7 Kxg7 39. Re1 Rd8 40. Kf2 Rg8 41. Rg1+ Kf7 42. Rxg8 Kxg8 43. Be2 Bd7 44. Bh5 Kf8 45. Kg3 Be8 1/2-1/2

[Event "Tambov Korensky Memorial 23rd"]
[Site "Tambov"]
[Date "2014.08.24"]
[Round "2"]
[White "Sychev, Vitaly"]
[Black "Uryupin, Igor Nikolaevich"]
[Result "0-1"]
[WhiteElo "2080"]
[BlackElo "2274"]
[PlyCount "76"]
[EventDate "2014.08.23"]
[EventType "swiss"]
[EventRounds "9"]
[EventCountry "RUS"]
[SourceTitle "EXT 2015"]
[Source "ChessBase"]
[SourceDate "2014.11.20"]
[SourceVersion "1"]
[SourceVersionDate "2014.11.20"]
[SourceQuality "1"]

1. e4 c5 2. Nf3 e6 3. c4 Nc6 4. d4 cxd4 5. Nxd4 Nf6 6. Nc3 Bb4 7. Nxc6 bxc6 8. Bd3 e5 9. Qc2 0-0 10. 0-0 Be7 11. Be2 d6 12. Be3 Be6 13. Rfd1 Qc7 14. Rd2 Rfd8 15. Rad1 h6 16. Qa4 a5 17. Qc2 Rab8 18. b3 Qb7 19. Bf3 Ng4 20. Bxg4 Bxg4 21. f3 Be6 22. Kf2 Qb4 23. g3 Rbc8 24. Qb2 f5 25. exf5 Bxf5 26. Na4 Rf8 27. Nb6 Bg5 28. Nxc8 Bxe3+ 29. Kxe3 Qc5+ 30. Ke2 Bxc8 31. Rxd6 Bg4 32. R6d3 e4 33. Rd4 Bxf3+ 34. Ke1 Bxd1 35. Kxd1 e3 36. Rf4 Rd8+ 37. Ke1 Qb4+ 38. Kf1 Rd1+ 0-1

[Event "Tambov Korensky Memorial 22nd"]
[Site "Tambov"]
[Date "2013.08.21"]
[Round "5"]
[White "Korensky, Sergey"]
[Black "Sychev, Vitaly"]
[Result "1-0"]
[WhiteElo "2253"]
[BlackElo "2090"]
[PlyCount "103"]
[EventDate "2013.08.17"]
[EventType "swiss"]
[EventRounds "9"]
[EventCountry "RUS"]
[SourceTitle "CBM 156 Extra"]
[Source "ChessBase"]
[SourceDate "2013.10.22"]
[SourceVersion "1"]
[SourceVersionDate "2013.10.22"]
[SourceQuality "1"]

1. Nf3 d5 2. g3 Nf6 3. Bg2 Bf5 4. d3 h6 5. 0-0 e6 6. Nc3 Be7 7. Qe1 Bh7 8. e4 c6 9. Qe2 0-0 10. Ne1 d4 11. Nd1 e5 12. f4 Nbd7 13. f5 Ne8 14. h4 c5 15. Nf3 Nd6 16. Rf2 Rc8 17. Bf1 c4 18. Rh2 cxd3 19. cxd3 f6 20. g4 Nf7 21. Nf2 Rc6 22. Qd1 Re8 23. Nh3 Nf8 24. g5 fxg5 25. hxg5 hxg5 26. Rg2 Kh8 27. Nhxg5 Bxg5 28. Nxg5 Nxg5 29. Bxg5 Qc7 30. Qh5 Rc8 31. Rh2 Qd7 32. Re1 Rc2 33. Ree2 Rxe2 34. Rxe2 Rc6 35. Rh2 Kg8 36. Qh4 Qf7 37. Qg3 Nd7 38. Qh4 Nf8 39. a3 b5 40. Bh3 a5 41. Qg3 Qc7 42. f6 g6 43. Qf3 Qf7 44. Rf2 b4 45. axb4 axb4 46. Qg3 Rc5 47. Bg4 Kh8 48. Bh6 Kg8 49. Kg2 Kh8 50. Bxf8 Qxf8 51. f7 Kg7 52. Be6 1-0

[Event "Tambov Korensky Memorial 22nd"]
[Site "Tambov"]
[Date "2013.08.19"]
[Round "3"]
[White "Petrov, Alexander V"]
[Black "Sychev, Vitaly"]
[Result "0-1"]
[WhiteElo "2094"]
[BlackElo "2090"]
[PlyCount "118"]
[EventDate "2013.08.17"]
[EventType "swiss"]
[EventRounds "9"]
[EventCountry "RUS"]
[SourceTitle "CBM 156 Extra"]
[Source "ChessBase"]
[SourceDate "2013.10.22"]
[SourceVersion "1"]
[SourceVersionDate "2013.10.22"]
[SourceQuality "1"]

1. e4 c6 2. d4 d5 3. Nc3 dxe4 4. Nxe4 Nd7 5. Bc4 Ngf6 6. Ng5 e6 7. Ne2 Nb6 8. Bb3 Bd6 9. Bf4 0-0 10. 0-0 Bxf4 11. Nxf4 Qd6 12. Nh5 Nxh5 13. Qxh5 h6 14. Nf3 Nd7 15. Rad1 b6 16. Rfe1 Nf6 17. Qe5 Rd8 18. c4 Bb7 19. c5 Qxe5 20. Nxe5 bxc5 21. dxc5 Rxd1 22. Rxd1 Nd5 23. g3 f6 24. Nc4 Bc8 25. f4 Kf8 26. Na5 Bd7 27. Bc4 Rc8 28. a3 Ke7 29. Rd3 Rb8 30. b4 Rc8 31. Kf2 Rc7 32. Bb3 g6 33. Kf3 h5 34. h3 Rc8 35. Ba4 Kf7 36. Rd1 Ke7 37. Rc1 e5 38. fxe5 fxe5 39. Ke4 Ke6 40. Bb3 h4 41. g4 Rf8 42. b5 Rf4+ 43. Kd3 cxb5 44. c6 Bc8 45. Rc5 Rd4+ 46. Kc2 a6 47. Nb7 e4 48. Nd8+ Kd6 49. Nb7+ Ke5 50. Nd8 e3 51. Rxd5+ Rxd5 52. Bxd5 Kxd5 53. Kd3 a5 54. Nb7 Kxc6 55. Nxa5+ Kb6 56. Nb3 Bxg4 57. Nd4 Bxh3 58. Nf3 Bf5+ 59. Kxe3 h3 0-1

[Event "Tambov Korensky Memorial 22nd"]
[Site "Tambov"]
[Date "2013.08.17"]
[Round "1"]
[White "Lukovnikov, Alexander"]
[Black "Sychev, Vitaly"]
[Result "1-0"]
[WhiteElo "2278"]
[BlackElo "2090"]
[PlyCount "141"]
[EventDate "2013.08.17"]
[EventType "swiss"]
[EventRounds "9"]
[EventCountry "RUS"]
[SourceTitle "CBM 156 Extra"]
[Source "ChessBase"]
[SourceDate "2013.10.22"]
[SourceVersion "1"]
[SourceVersionDate "2013.10.22"]
[SourceQuality "1"]

1. e4 c6 2. d4 d5 3. f3 Nf6 4. e5 Nfd7 5. f4 e6 6. Nf3 b6 7. c3 Ba6 8. Bxa6 Nxa6 9. Qd3 Nc7 10. f5 exf5 11. Qxf5 g6 12. Qd3 Ne6 13. 0-0 Bg7 14. c4 dxc4 15. Qxc4 Rc8 16. Ng5 0-0 17. Nxe6 fxe6 18. Qxe6+ Kh8 19. Rxf8+ Nxf8 20. Qg4 c5 21. d5 Bxe5 22. Nc3 Qd7 23. Qf3 Qg7 24. Bd2 Nd7 25. Qh3 Bd4+ 26. Kh1 Qf7 27. Bh6 Bg7 28. Bxg7+ Kxg7 29. Qg3 Rf8 30. h3 Qf2 31. Qxf2 Rxf2 32. Re1 Kf8 33. d6 Rf6 34. Rd1 h5 35. Ne4 Rf5 36. h4 Rf4 37. Ng5 Rxh4+ 38. Kg1 Rg4 39. Ne6+ Kg8 40. Re1 Rg3 41. Nf4 Rg4 42. Re8+ Kg7 43. Re7+ Kh6 44. Ne6 Ne5 45. d7 Nxd7 46. Rxd7 Re4 47. Rh7+ Kxh7 48. Ng5+ Kg7 49. Nxe4 Kf7 50. Kf2 Ke6 51. Ke3 Ke5 52. a4 c4 53. Ng5 a6 54. Nh3 h4 55. Ng5 Kf5 56. Nf7 Ke6 57. Ng5+ Kf5 58. Ne4 Ke5 59. Nd2 b5 60. axb5 axb5 61. Nf3+ Kf6 62. Nxh4 b4 63. Nf3 c3 64. bxc3 bxc3 65. g4 Ke6 66. Kd3 Kd5 67. Kxc3 Ke4 68. Nh2 Kf4 69. Kd4 Kg3 70. Ke5 Kxh2 71. Kf6 1-0